La Melodia del jazz-band : comedia en un prologo y tres actos.

Guardat en:
Dades bibliogràfiques
Autor principal: Benavente, Jacinto, 1866-1954
Format: Llibre
Idioma:Spanish
Publicat: Madrid : La Farsa, 1932.
Col·lecció:La farsa, ano 6 ; no.271
LEADER 00749nam a22002051 4500
001 c000199858
003 CARM
005 20021125001900.0
008 851029s1932 sp 0 spa d
019 1 |a 4024172  |5 LACONCORD2021 
035 |a (OCoLC)216313297  |5 LACONCORD2021 
100 1 |a Benavente, Jacinto,  |d 1866-1954. 
245 1 3 |a La Melodia del jazz-band :  |b comedia en un prologo y tres actos. 
260 |a Madrid :  |b La Farsa,  |c 1932. 
300 |a 64pp. 
440 3 |a La farsa, ano 6 ;  |v no.271 
852 8 |b CARM  |h A2:AK23A0  |i A03064  |p 0284954  |f BK 
082 0 4 |a 862.6 
999 f f |i 481b3d0a-a0f3-5ea6-92e0-37b76cc34142  |s cfe59ec1-e2a0-548e-ab51-14d4a3924363 
952 f f |p Can circulate  |a CAVAL  |b CAVAL  |c CAVAL  |d CARM 1 Store  |e A03064  |f A2:AK23A0  |h Other scheme  |i book  |m 0284954